00599nam a22002057a 4500003000400000020001800004082002000022245006100042260003000103300001000133650004500143650002900188650003300217650002700250650003500277650002100312700001300333700002300346700002400369OSt a9788177544657 a630.715bDIP/IC aICTs: bDigital opportunities in agricultural extension  aJodhpur bAgrobios c2012 a496p. aCommunication and information technology aBasics of search engines aLegal control of cyber crime aWeb design methodology aTypes of online questionnaires aSocial computing aDipak De aJirli Basavaprabhu aShaik N Meera eds.